000
00233nam a2200097Ia 4500
008
230915s9999 xx 000 0 und d
050
_a
TK5105.2.T36 C.1
100
_a
ANDREWS S. TANENBAUM
245
0
_a
COMPUTER NETWORKS
942
_c
BK
999
_c
204657
_d
204657